Is Regionalism Simply a Diversion? Evidence from the Evolution of the EC and EFTA

Na minha lista:
Detalhes bibliográficos
Autor principal: Bayoumi, Tamim
Outros Autores: Eichengreen, Barry
Formato: Livro
Idioma:inglês
Publicado em: Washington International Monetary Fund 1995
Edição:1. ed.
Colecção:IMF Working Paper 109
Assuntos:
Tags: Adicionar Tag
Sem tags, seja o primeiro a adicionar uma tag!

MARC

LEADER 00000nam a2200000 4500
001 c017230
005 20221205133147.4
041 0 |a eng 
044 |a US 
245 1 0 |a Is Regionalism Simply a Diversion?  |b Evidence from the Evolution of the EC and EFTA  |c Tamim Bayoumi, Barry Eichengreen 
250 |a 1. ed. 
264 1 |a Washington  |b International Monetary Fund  |c 1995 
300 |a 28 s. 
490 1 |a IMF Working Paper  |v 109 
830 0 |a IMF Working Paper  |v 109 
610 2 0 |a podnikanie 
610 2 0 |a obchod medzinárodný 
610 2 0 |a Európska únia 
610 2 0 |a Európske spoločenstvá 
610 2 0 |a združenia hospodárske medzinárodné 
610 2 0 |a obchod voľný 
610 2 0 |a regionalizácia 
100 1 |a Bayoumi, Tamim 
700 1 |a Eichengreen, Barry